The Flash Quiz (SPOILERS) - Statistics

General Stats
  • This quiz has been taken 53 times
  • The average score is 12 of 18
Answer Stats
Actor Role % Correct
Ezra Miller Barry Allen/The Flash
97%
Adam West Batman
88%
George Clooney Bruce Wayne
88%
Michael Keaton Bruce Wayne/Batman
88%
Ben Affleck Bruce Wayne/Batman
88%
Sasha Calle Kara Zor-El/Supergirl
79%
Helen Slater Supergirl
79%
Gal Gadot Diana Prince/Wonder Woman
76%
Christopher Reeve Superman
70%
Nicolas Cage Superman
70%
George Reeves Superman
70%
Jason Momoa Arthur Curry
64%
Michael Shannon General Zod
61%
Kiersey Clemmons Iris West
52%
Ron Livingston Henry Allen
48%
Maribel Verdú Nora Allen
48%
Jeremy Irons Alfred Pennyworth
39%
Temuera Morrison Thomas Curry
24%
No matching quizzes found
Score Distribution
Percent of People with Each Score
Percentile by Number Answered
Your Score History
You have not taken this quiz